| 000 | 00797nam a22002778a 4500 | ||
|---|---|---|---|
| 001 | 1633418 | ||
| 003 | csc | ||
| 005 | 20200421093822.0 | ||
| 008 | 890502s1988 enkac 00010beng b | ||
| 015 | _ab8820715 | ||
| 016 | 0 | 0 | _a700=NOTNAL |
| 020 | _a0862874203 | ||
| 040 | _ccsc | ||
| 050 | 0 | 0 | _aPN2287.B694 |
| 082 |
_a791.43/028/0924 _219 |
||
| 245 | 0 | 0 |
_aLouise Brooks : _bportrait of an anti-star / _cedited by Roland Jaccard. |
| 260 |
_aLondon : _bColumbus, _c1988. |
||
| 300 |
_a[160] p. : _bill. ; _c27 cm. |
||
| 350 | _a£9.95 : CIP entry (June) | ||
| 600 | 1 | 0 |
_aBrooks, Louise _d1906-1985. |
| 650 | 0 |
_aMotion picture actors and actresses _zUnited States _xBiography. _9997 |
|
| 700 | 1 | 1 |
_aJaccard, Roland. _9452 |
| 942 |
_2ddc _cBK |
||
| 956 | _aNLS | ||
| 999 |
_c213 _d213 |
||